<?xml version="1.0" encoding="UTF-8"?>
<collection xmlns="http://www.loc.gov/MARC21/slim">
    <record>
        <controlfield tag="001">78338</controlfield>
        <controlfield tag="005">20191212100703.0</controlfield>
        <datafield tag="024" ind1="7" ind2=" ">
            <subfield code="2">doi</subfield>
            <subfield code="a">10.1021/acs.organomet.7b00906</subfield>
        </datafield>
        <datafield tag="024" ind1="8" ind2=" ">
            <subfield code="2">sideral</subfield>
            <subfield code="a">104903</subfield>
        </datafield>
        <datafield tag="037" ind1=" " ind2=" ">
            <subfield code="a">ART-2018-104903</subfield>
        </datafield>
        <datafield tag="041" ind1=" " ind2=" ">
            <subfield code="a">eng</subfield>
        </datafield>
        <datafield tag="100" ind1=" " ind2=" ">
            <subfield code="0">(orcid)0000-0002-3284-1053</subfield>
            <subfield code="a">Buil Juan, María Luisa</subfield>
            <subfield code="u">Universidad de Zaragoza</subfield>
        </datafield>
        <datafield tag="245" ind1=" " ind2=" ">
            <subfield code="a">Osmium Catalysts for Acceptorless and Base-Free Dehydrogenation of Alcohols and Amines: Unusual Coordination Modes of a BPI Anion</subfield>
        </datafield>
        <datafield tag="260" ind1=" " ind2=" ">
            <subfield code="c">2018</subfield>
        </datafield>
        <datafield tag="506" ind1="0" ind2=" ">
            <subfield code="a">Access copy available to the general public</subfield>
            <subfield code="f">Unrestricted</subfield>
        </datafield>
        <datafield tag="520" ind1="3" ind2=" ">
            <subfield code="a">A novel type of catalyst precursors for the dehydrogenation of hydrogen carriers based on organic liquids has been discovered. Complexes OsH6(PiPr3)2 (1) and OsH(OH)(CO)(PiPr3)2 (2) react with 1,3-bis(6'-methyl-2'-pyridylimino)isoindoline (HBMePI) to give OsH3{¿2-Npy,Nimine-(BMePI)}(PiPr3)2 (3) and OsH{¿2-Npy,Nimine-(BMePI)}(CO)(PiPr3)2 (4). The unprecedented ¿2-Npy,Nimine coordination mode of BMePI is thermodynamically preferred with Os(IV) and Os(II) metal fragments and allows for preparation of BMePI-based dinuclear metal cations. Treatment of OsH2Cl2(PiPr3)2 (5) with 0.5 equiv of HBMePI in the presence of KOtBu affords the chloride salt of the bis(osmium(IV)) dinuclear cation [{OsH3(PiPr3)2}2{µ-(¿2-Npy,Nimine)2-BMePI}]+ (6). Related homoleptic bis(osmium(II)) complexes have been also synthesized. Complex 4 reacts with the bis(solvento) [OsH(CO){¿1-O-[OCMe2]2}(PiPr3)2]BF4 to give [{OsH(CO)(PiPr3)2}2{µ-(¿2-Npy,Nimine)2-BMePI}]BF4 (7), whereas the addition of 0.5 equiv of HBMePI to {OsCl(¿6-C6H6)}2(µ–Cl)2 (8) affords [{OsCl(¿6-C6H6)}2{µ-(¿2-Npy,Nimine)2-BMePI}]Cl (9). The reactions of 4 with 8 and {OsCl(¿6-p-cymene)}2(µ–Cl)2 (10) lead to the heteroleptic cations [(PiPr3)2(CO)HOs{µ-(¿2-Npy,Nimine)2-BMePI}OsCl(¿6-arene)]+ (arene = C6H6 (11), p-cymene (12)). The electronic structrure and electrochemical properties of the dinuclear complexes were also studied. Complexes 3 and 4 are efficient catalyst precursors for the acceptorless and base-free dehydrogenation of secondary and primary alcohols and cyclic and lineal amines. The primary alcohols afford aldehydes. The amount of H2 released per gram of heterocycle depends upon the presence of a methyl group adjacent to the nitrogen atom, the position of the nitrogen atom in the heterocycle, and the size of the heterocycle.</subfield>
        </datafield>
        <datafield tag="536" ind1=" " ind2=" ">
            <subfield code="9">info:eu-repo/grantAgreement/ES/DGA/E35</subfield>
            <subfield code="9">info:eu-repo/grantAgreement/ES/MINECO/CTQ2016-81797-REDC</subfield>
            <subfield code="9">info:eu-repo/grantAgreement/ES/MINECO/CTQ2017-82935-P</subfield>
        </datafield>
        <datafield tag="540" ind1=" " ind2=" ">
            <subfield code="9">info:eu-repo/semantics/openAccess</subfield>
            <subfield code="a">All rights reserved</subfield>
            <subfield code="u">http://www.europeana.eu/rights/rr-f/</subfield>
        </datafield>
        <datafield tag="590" ind1=" " ind2=" ">
            <subfield code="a">4.1</subfield>
            <subfield code="b">2018</subfield>
        </datafield>
        <datafield tag="591" ind1=" " ind2=" ">
            <subfield code="a">CHEMISTRY, ORGANIC</subfield>
            <subfield code="b">11 / 57 = 0.193</subfield>
            <subfield code="c">2018</subfield>
            <subfield code="d">Q1</subfield>
            <subfield code="e">T1</subfield>
        </datafield>
        <datafield tag="591" ind1=" " ind2=" ">
            <subfield code="a">CHEMISTRY, INORGANIC &amp; NUCLEAR</subfield>
            <subfield code="b">5 / 45 = 0.111</subfield>
            <subfield code="c">2018</subfield>
            <subfield code="d">Q1</subfield>
            <subfield code="e">T1</subfield>
        </datafield>
        <datafield tag="592" ind1=" " ind2=" ">
            <subfield code="a">1.473</subfield>
            <subfield code="b">2018</subfield>
        </datafield>
        <datafield tag="593" ind1=" " ind2=" ">
            <subfield code="a">Inorganic Chemistry</subfield>
            <subfield code="c">2018</subfield>
            <subfield code="d">Q1</subfield>
        </datafield>
        <datafield tag="593" ind1=" " ind2=" ">
            <subfield code="a">Physical and Theoretical Chemistry</subfield>
            <subfield code="c">2018</subfield>
            <subfield code="d">Q1</subfield>
        </datafield>
        <datafield tag="593" ind1=" " ind2=" ">
            <subfield code="a">Organic Chemistry</subfield>
            <subfield code="c">2018</subfield>
            <subfield code="d">Q1</subfield>
        </datafield>
        <datafield tag="655" ind1=" " ind2="4">
            <subfield code="a">info:eu-repo/semantics/article</subfield>
            <subfield code="v">info:eu-repo/semantics/acceptedVersion</subfield>
        </datafield>
        <datafield tag="700" ind1=" " ind2=" ">
            <subfield code="0">(orcid)0000-0002-4829-7590</subfield>
            <subfield code="a">Esteruelas, Miguel. A.</subfield>
        </datafield>
        <datafield tag="700" ind1=" " ind2=" ">
            <subfield code="0">(orcid)0000-0001-8056-1083</subfield>
            <subfield code="a">Gay, M. Pilar.</subfield>
        </datafield>
        <datafield tag="700" ind1=" " ind2=" ">
            <subfield code="a">Gómez-Gallego, Mar</subfield>
        </datafield>
        <datafield tag="700" ind1=" " ind2=" ">
            <subfield code="a">Nicasio A. I.</subfield>
        </datafield>
        <datafield tag="700" ind1=" " ind2=" ">
            <subfield code="0">(orcid)0000-0003-2094-719X</subfield>
            <subfield code="a">Oñate, E.</subfield>
        </datafield>
        <datafield tag="700" ind1=" " ind2=" ">
            <subfield code="a">Santiago, A.</subfield>
        </datafield>
        <datafield tag="700" ind1=" " ind2=" ">
            <subfield code="a">Sierra, Miguel A.</subfield>
        </datafield>
        <datafield tag="710" ind1="2" ind2=" ">
            <subfield code="1">2010</subfield>
            <subfield code="2">760</subfield>
            <subfield code="a">Universidad de Zaragoza</subfield>
            <subfield code="b">Dpto. Química Inorgánica</subfield>
            <subfield code="c">Área Química Inorgánica</subfield>
        </datafield>
        <datafield tag="773" ind1=" " ind2=" ">
            <subfield code="g">37, 4 (2018), 603-617</subfield>
            <subfield code="p">Organometallics</subfield>
            <subfield code="t">Organometallics</subfield>
            <subfield code="x">0276-7333</subfield>
        </datafield>
        <datafield tag="856" ind1="4" ind2=" ">
            <subfield code="s">603944</subfield>
            <subfield code="u">http://zaguan.unizar.es/record/78338/files/texto_completo.pdf</subfield>
            <subfield code="y">Postprint</subfield>
        </datafield>
        <datafield tag="856" ind1="4" ind2=" ">
            <subfield code="s">102071</subfield>
            <subfield code="u">http://zaguan.unizar.es/record/78338/files/texto_completo.jpg?subformat=icon</subfield>
            <subfield code="x">icon</subfield>
            <subfield code="y">Postprint</subfield>
        </datafield>
        <datafield tag="909" ind1="C" ind2="O">
            <subfield code="o">oai:zaguan.unizar.es:78338</subfield>
            <subfield code="p">articulos</subfield>
            <subfield code="p">driver</subfield>
        </datafield>
        <datafield tag="951" ind1=" " ind2=" ">
            <subfield code="a">2019-12-12-10:05:25</subfield>
        </datafield>
        <datafield tag="980" ind1=" " ind2=" ">
            <subfield code="a">ARTICLE</subfield>
        </datafield>
    </record>

    
</collection>